000
00336nam a2200145Ia 4500
008
230718s9999 xx 000 0 und d
041
_a
Eng.
082
_a
346.02
_b
MAH-T
100
_a
Mahmood. M
245
4
_a
The Contract Act,1872
260
_a
Pakistan
_b
Al-qanoon Publisher
_c
2008
300
_a
1546
650
_a
Law
999
_c
29426
_d
29426